| 000 | 00794nam a2200205 a 4500 | ||
|---|---|---|---|
| 003 | AM-YeHGA | ||
| 040 | _aAM-YeHGA | ||
| 090 | _c492453 | ||
| 001 | 000298820 | ||
| 005 | 20250618075723.0 | ||
| 008 | 040113s1876 tu r 000 0 arm d | ||
| 041 | 0 | _aarm | |
| 100 | 1 |
_aՍրվանձտյանց, Գարեգին Համազասպի, _d1840-1892 _93713 |
|
| 245 | 1 | 0 |
_aՄանանայ / _cԺողովեաց եւ ի լոյս էած՝ Գ.Վ. Սրուանձտեանց. |
| 260 |
_aԿ. Պօլիս : _bտպ. Ե.Մ. Տնտեսեան, _c1876. |
||
| 300 |
_a456 էջ ; _c15 սմ. |
||
| 501 | _aԱլիգ. 2 : Կազմված է՝ Գ.Վ. Սրուանձտեանց՝ Շուշան Շաւարշանայ.-Կ. Պօլիս,1875 | ||
| 650 | 1 | 4 |
_aՀայ գրականություն _xԺողովածու |
| 942 |
_2udc _cBK |
||
| 999 |
_c489082 _d489082 |
||